| 000 | 004700000a22001570004500 | ||
|---|---|---|---|
| 090 |
_aAR _b02123 |
||
| 245 | 1 | 0 | _aNon-indigenous species introductions: references in international instruments |
| 650 | 1 | 4 |
_aEspecies invasoras _9308 |
| 650 | 1 | 4 |
_aConservación _992401 |
| 650 | 1 | 4 |
_aConvenios internacionales _93879 |
| 650 | 1 | 4 |
_aBiodiversidad _992204 |
| 041 | 0 | _aInglés | |
| 100 | 1 |
_aGlowka, Lyle _98849 |
|
| 942 | _cARTICULO | ||
| 773 | 1 |
_tIUCN Newsletter _3874 _q1-17 _d1996 |
|
| 999 |
_c11199 _d11199 |
||